Epikúros a jeho bohové

Bibliographic Details
Main Author: Festugière, André-Jean, 1898-1982 (Author)
Other Authors: Hošek, Radislav, 1922-2005 (Translator)
Format: Book
Language:Czech
French
PhysicalDescription:125 s. 20 cm
Published: Praha Oikoymenh 1996
ISBN:8086005305
Edition:1. vyd.
Series:Oikúmené
Subjects:

MARC

LEADER 00000cam a2200000 a 4500
001 vtls001379770
003 SK-MaSNL
005 20260301071138.0
008 251113s1996 xr r 00000 cze
020 |a 8086005305  |q (brož.) 
035 |a SNK000333747 
040 |a SNK  |b slo  |c SNK  |e AACR2 
041 1 |a cze  |h fre 
044 |a xr  |c CZ 
080 |a 840-4=850  |2 1981 
080 |a 14  |2 1981 
100 1 |a Festugière, André-Jean,  |d 1898-1982  |4 aut  |9 388485 
240 1 0 |a Épicure et ses dieux  |l Česky 
245 1 |a Epikúros a jeho bohové  |c A.-J. Fesatugiere ; [z francouzského originálu přeložil Ladislav Hošek] 
250 |a 1. vyd. 
260 |a Praha  |b Oikoymenh  |c 1996 
300 |a 125 s.  |c 20 cm 
490 1 |a Oikúmené 
504 |a Obsahuje bibliografiu 
600 0 7 |a Epikuros,  |d 341 pred Kr.-270 pred Kr.  |2 SNKMA  |9 61037 
650 0 7 |a náboženstvo  |2 SNKPH  |9 2023 
651 7 |a staroveké Grécko  |2 SNKPHgeo  |9 68599 
655 7 |a štúdie  |2 SNKPH  |9 57033 
700 1 |a Hošek, Radislav,  |d 1922-2005  |4 trl  |9 118514 
830 0 |a Oikúmené  |9 317274 
919 |a 80-86005-30-5 
999 |c 636755  |d 638685 
952 |t P60, <04>, [BOOK], {604}  |a SNK  |b SNK  |y VYP  |7 0  |p 17A0222718  |o snkID 96586  |i snkK 1362/99  |0 0  |1 0  |4 0  |d 2000-07-10  |l 0  |r 2005-01-02 00:00:00  |w 2026-02-23